| 000 | 00809cam a22002655a 4500 | ||
|---|---|---|---|
| 001 | 016063822 | ||
| 003 | OSt | ||
| 005 | 20201128024257.0 | ||
| 008 | 121003t2013 enka frb 001 0 eng d | ||
| 020 | _a9780273766025 | ||
| 020 | _a0273766023 | ||
| 040 |
_aStDuBDS _beng _cStDuBDS _dUk _dEG-ScBUE |
||
| 082 | 0 | 4 |
_222 _a658.3 _bDES |
| 100 | 1 |
_aDessler, Gary, _d1942- _93367 |
|
| 245 | 1 | 0 |
_aHuman resource management / _cGary Dessler. |
| 250 | _a13th ed., Global ed. | ||
| 260 |
_aHarlow : _bPearson Education Limited, _cc.2013. |
||
| 300 |
_a718 p. : _bill. ; _c28 cm. |
||
| 504 | _aIncludes bibliographical references and index. | ||
| 650 | 7 |
_aPersonnel management. _2BUEsh _9994 |
|
| 651 | _2BUEsh | ||
| 653 |
_bGGEN _bBUSADM _cMarch2018 |
||
| 690 | 7 |
_aManagement and Business Studies _2blcoll |
|
| 942 | _2ddc | ||
| 999 |
_c26292 _d26264 |
||